00329nam a2200121Ia 4500008004100000041000800041082001400049100001500063245004500078260004200123300003300165365000900198240624s9999 xx 000 0 und d aeng a332.6 DOR aDORSEY PAT aLITTLE BOOK THAT BUILDS WEALTH THE KNOCK c2008aNew JerseybJohn Wiley and Sons axviii, : 200 : p. : cm. ; 18 cb30